[Event "MEX-ch 47th"]
[Site "Irapuato"]
[Date "2001.??.??"]
[Round "1"]
[White "Armas Gutierrez, Jorge Enrique"]
[Black "Martinez, Joaquin"]
[Result "1-0"]
[WhiteElo "2416"]
[BlackElo "2172"]
[PlyCount "65"]
[EventDate "2001.04.11"]
[EventType "swiss"]
[EventRounds "7"]
[EventCountry "MEX"]
[SourceTitle "EXT 2002"]
[Source "ChessBase"]
[SourceDate "2001.11.25"]
[SourceVersion "1"]
[SourceVersionDate "2001.11.25"]
[SourceQuality "1"]

1. d4 d5 2. Nf3 Nf6 3. e3 Bf5 4. Bd3 Bxd3 5. cxd3 c6 6. 0-0 e6 7. Qe2 c5 8. dxc5 Bxc5 9. e4 Nc6 10. Bg5 Nd4 11. Nxd4 Bxd4 12. e5 h6 13. Bh4 g5 14. Bg3 Nd7 15. Nd2 h5 16. h3 Rc8 17. Nb3 Qb6 18. Kh1 Ke7 19. f4 h4 20. Be1 gxf4 21. Ba5 Qb5 22. Nxd4 Qxa5 23. Rxf4 Rcg8 24. Nf3 Rh5 25. d4 Qb6 26. Rf1 Rg7 27. Qf2 Qd8 28. Rxh4 Qh8 29. Rc1 Rgh7 30. Rxh5 Rxh5 31. Qd2 Nb6 32. Qb4+ Ke8 33. Rc7 1-0

[Event "MEX-ch 47th"]
[Site "Irapuato"]
[Date "2001.??.??"]
[Round "5"]
[White "Vega, Jorge"]
[Black "Armas Gutierrez, Jorge Enrique"]
[Result "1/2-1/2"]
[WhiteElo "2266"]
[BlackElo "2416"]
[PlyCount "65"]
[EventDate "2001.04.11"]
[EventType "swiss"]
[EventRounds "7"]
[EventCountry "MEX"]
[SourceTitle "EXT 2002"]
[Source "ChessBase"]
[SourceDate "2001.11.25"]
[SourceVersion "1"]
[SourceVersionDate "2001.11.25"]
[SourceQuality "1"]

1. e4 c5 2. Nf3 e6 3. d3 d5 4. Nbd2 Nc6 5. c3 Nf6 6. Be2 Be7 7. 0-0 0-0 8. Re1 Qc7 9. Bf1 b6 10. b3 d4 11. cxd4 cxd4 12. Bb2 e5 13. Rc1 Bd7 14. Nc4 Qb8 15. a3 h6 16. Rc2 Rc8 17. Qe2 b5 18. Ncd2 Qd6 19. Rec1 Be6 20. Qd1 Nd7 21. Be2 Bg5 22. g3 Bxd2 23. Nxd2 Ne7 24. Rxc8+ Rxc8 25. Rxc8+ Nxc8 26. Qc1 Ncb6 27. Bd1 a5 28. Bc2 Nc5 29. Qf1 a4 30. b4 Nb3 31. Qd1 Nxd2 32. Qxd2 Bb3 33. Bb1 1/2-1/2

[Event "CUB-ch sf"]
[Site "Cuba"]
[Date "2000.??.??"]
[Round "?"]
[White "Castellanos Sanchez, Carlos Manuel"]
[Black "Armas Gutierrez, Jorge Enrique"]
[Result "0-1"]
[WhiteElo "2282"]
[BlackElo "2441"]
[PlyCount "114"]
[EventDate "2000.??.??"]
[EventType "tourn"]
[EventRounds "12"]
[EventCountry "CUB"]
[SourceTitle "EXT 2001"]
[Source "ChessBase"]
[SourceDate "2000.11.22"]
[SourceVersion "1"]
[SourceVersionDate "2000.11.22"]
[SourceQuality "1"]

1. e4 c5 2. Nf3 e6 3. d4 cxd4 4. Nxd4 Qb6 5. Nb3 Qc7 6. Nc3 a6 7. g3 b5 8. Bf4 d6 9. a3 Bb7 10. Bg2 Nf6 11. 0-0 Nbd7 12. Qe2 Be7 13. Rad1 0-0 14. h3 Rac8 15. Nd4 Rfe8 16. Bc1 Bf8 17. Rfe1 Nb6 18. Kh1 g6 19. Qe3 Nc4 20. Qg5 Be7 21. Qh6 Nxa3 22. f4 b4 23. Nd5 exd5 24. bxa3 Nxe4 25. Bxe4 Bf8 26. Qg5 Rxe4 27. f5 Qe7 28. Qxe7 Bxe7 29. axb4 Rc4 30. Rxe4 dxe4 31. Kg1 d5 32. Kf2 Bxb4 33. f6 a5 34. Bb2 Bd6 35. g4 a4 36. c3 Be5 37. g5 h6 38. h4 a3 39. Ba1 hxg5 40. hxg5 Bf4 41. Rg1 a2 42. Ke2 Ba6 43. Kd1 Be3 44. Rg2 Ra4 45. Nc6 Bf4 46. Ne7+ Kf8 47. Nxd5 e3 48. Nb4 Bb7 49. Rg1 Bf3+ 50. Kc2 Bh2 51. Rc1 e2 52. Kb3 Bf4 53. Rg1 Be3 54. Re1 Bd2 55. Nc2 Rg4 56. Kxa2 Bxe1 57. Nxe1 Rg1 0-1

[Event "CUB-ch sf"]
[Site "Cuba"]
[Date "2000.??.??"]
[Round "?"]
[White "Delgado Ramirez, Neuris"]
[Black "Armas Gutierrez, Jorge Enrique"]
[Result "1-0"]
[WhiteElo "2443"]
[BlackElo "2441"]
[PlyCount "61"]
[EventDate "2000.??.??"]
[EventType "tourn"]
[EventRounds "12"]
[EventCountry "CUB"]
[SourceTitle "EXT 2001"]
[Source "ChessBase"]
[SourceDate "2000.11.22"]
[SourceVersion "1"]
[SourceVersionDate "2000.11.22"]
[SourceQuality "1"]

1. e4 c5 2. Nf3 e6 3. Nc3 a6 4. g3 b5 5. Bg2 Bb7 6. d3 d6 7. 0-0 Nf6 8. Ng5 h6 9. Nh3 Be7 10. f4 d5 11. e5 Nfd7 12. f5 Nf8 13. Qg4 b4 14. Ne2 Nc6 15. Qxg7 Rh7 16. f6 Qb6 17. Bxh6 c4+ 18. Kh1 cxd3 19. cxd3 Kd7 20. fxe7 Rxg7 21. exf8Q Rxf8 22. Bxg7 Re8 23. Rae1 a5 24. Nhf4 Ne7 25. g4 Ng6 26. Nxg6 fxg6 27. Bf8 Qd8 28. Rf7+ Kc6 29. Rc1+ Kb6 30. Bc5+ Ka6 31. d4 1-0

[Event "Carlos Torre Memorial op 11th"]
[Site "Merida"]
[Date "1998.12.19"]
[Round "5"]
[White "Fierro Baquero, Martha Lorena"]
[Black "Armas Gutierrez, Jorge Enrique"]
[Result "0-1"]
[WhiteElo "2240"]
[BlackElo "2450"]
[PlyCount "52"]
[EventDate "1998.12.??"]
[EventType "swiss"]
[EventRounds "9"]
[EventCountry "MEX"]
[SourceTitle "EXT 2000"]
[Source "ChessBase"]
[SourceDate "1999.11.16"]
[SourceVersion "1"]
[SourceVersionDate "1999.11.16"]
[SourceQuality "1"]

1. e4 c5 2. Nf3 e6 3. c4 Nc6 4. Nc3 e5 5. g3 d6 6. Bg2 Be7 7. d3 Bg4 8. h3 Bxf3 9. Bxf3 Bg5 10. 0-0 Bxc1 11. Rxc1 Nge7 12. Bg2 0-0 13. h4 Nd4 14. Bh3 a6 15. Kh2 b5 16. f4 exf4 17. gxf4 bxc4 18. f5 cxd3 19. Qxd3 f6 20. Rf2 Kh8 21. Rg1 Rg8 22. Rfg2 d5 23. Qe3 Qd6+ 24. Rg3 Rae8 25. Qf2 dxe4 26. Nxe4 Qe5 0-1

[Event "Carlos Torre Memorial op 11th"]
[Site "Merida"]
[Date "1998.12.18"]
[Round "4"]
[White "Armas Gutierrez, Jorge Enrique"]
[Black "Porras Rodriguez, Miriam"]
[Result "1-0"]
[WhiteElo "2450"]
[BlackElo "2045"]
[PlyCount "45"]
[EventDate "1998.12.??"]
[EventType "swiss"]
[EventRounds "9"]
[EventCountry "MEX"]
[SourceTitle "EXT 2000"]
[Source "ChessBase"]
[SourceDate "1999.11.16"]
[SourceVersion "1"]
[SourceVersionDate "1999.11.16"]
[SourceQuality "1"]

1. d4 Nf6 2. Nf3 g6 3. c3 Bg7 4. Bg5 d6 5. Nbd2 Nbd7 6. e4 0-0 7. Bd3 c5 8. 0-0 h6 9. Bh4 g5 10. Bg3 Nh5 11. Nc4 cxd4 12. Nxd4 Nxg3 13. hxg3 Nc5 14. Bc2 d5 15. exd5 Qxd5 16. Ne3 Qe5 17. Re1 e6 18. b4 Na6 19. Qd3 Rd8 20. Qh7+ Kf8 21. Ng4 Qc7 22. Nxh6 Bxh6 23. Qxh6+ 1-0

[Event "CUB-ch"]
[Site "Matanzas"]
[Date "1998.??.??"]
[Round "?"]
[White "Armas Gutierrez, Jorge Enrique"]
[Black "Perez Rodriguez, Luis Manuel"]
[Result "1-0"]
[WhiteElo "2430"]
[BlackElo "2310"]
[PlyCount "55"]
[EventDate "1998.??.??"]
[EventType "tourn"]
[EventRounds "15"]
[EventCountry "CUB"]
[EventCategory "6"]
[SourceTitle "EXT 2003"]
[Source "ChessBase"]
[SourceDate "2002.11.25"]
[SourceVersion "1"]
[SourceVersionDate "2002.11.25"]
[SourceQuality "1"]

1. d4 Nf6 2. Nf3 g6 3. Bg5 Bg7 4. c3 0-0 5. Nbd2 d6 6. e4 Qe8 7. Bc4 e5 8. dxe5 dxe5 9. 0-0 Nbd7 10. Re1 h6 11. Bh4 Nh5 12. Qc2 Nc5 13. b4 Ne6 14. a4 Nef4 15. Nb3 Kh8 16. a5 f5 17. exf5 Bxf5 18. Qa2 Nxg2 19. Kxg2 Qc6 20. Nbd2 e4 21. Nd4 Bxd4 22. cxd4 Qd6 23. Bg3 Nxg3 24. hxg3 Qxd4 25. Nf1 Bg4 26. Ne3 Bf3+ 27. Kg1 Qe5 28. Be2 1-0

[Event "CUB-ch"]
[Site "Matanzas"]
[Date "1998.??.??"]
[Round "?"]
[White "De la Paz Perdomo, Frank"]
[Black "Armas Gutierrez, Jorge Enrique"]
[Result "1/2-1/2"]
[WhiteElo "2325"]
[BlackElo "2430"]
[PlyCount "87"]
[EventDate "1998.??.??"]
[EventType "tourn"]
[EventRounds "15"]
[EventCountry "CUB"]
[EventCategory "6"]
[SourceTitle "EXT 2003"]
[Source "ChessBase"]
[SourceDate "2002.11.25"]
[SourceVersion "1"]
[SourceVersionDate "2002.11.25"]
[SourceQuality "1"]

1. e4 c5 2. Nf3 e6 3. d4 cxd4 4. Nxd4 Qb6 5. Nb3 Qc7 6. Bd3 a6 7. 0-0 Nf6 8. Nc3 b5 9. a3 Bb7 10. f4 d6 11. Qe1 Nbd7 12. Qg3 g6 13. Be3 Be7 14. Rac1 h5 15. e5 h4 16. Qh3 dxe5 17. fxe5 Qxe5 18. Bd4 Qg5 19. Be4 Nxe4 20. Nxe4 Bxe4 21. Bxh8 Bd5 22. Bc3 Rc8 23. Kh1 Rc4 24. Nd4 Qh5 25. Rcd1 Nf6 26. Bb4 Bd8 27. b3 Rc8 28. Rde1 Qg4 29. Qxg4 Nxg4 30. h3 Nf6 31. Rd1 Ne4 32. Be1 Ng3+ 33. Bxg3 hxg3 34. Rd3 Bb6 35. Rfd1 Bxd4 36. Rxd4 Rxc2 37. R4d2 Rc7 38. Rd3 Rc2 39. Rxg3 a5 40. a4 b4 41. Kg1 Ke7 42. Rdd3 Kd6 43. Rde3 Rb2 44. h4 1/2-1/2

[Event "Carlos Torre Memorial op 10th"]
[Site "Merida"]
[Date "1997.??.??"]
[Round "8"]
[White "Armas Gutierrez, Jorge Enrique"]
[Black "Hernandez Guerrero, Gilberto Eduardo"]
[Result "0-1"]
[WhiteElo "2405"]
[BlackElo "2525"]
[PlyCount "82"]
[EventDate "1997.12.??"]
[EventType "swiss"]
[EventRounds "9"]
[EventCountry "MEX"]
[SourceTitle "EXT 1999"]
[Source "ChessBase"]
[SourceDate "1998.11.16"]
[SourceVersion "1"]
[SourceVersionDate "1998.11.16"]
[SourceQuality "1"]

1. d4 Nf6 2. Nf3 g6 3. Bg5 Bg7 4. Nbd2 0-0 5. c3 d6 6. e3 c5 7. Bd3 Nc6 8. 0-0 h6 9. Bxf6 exf6 10. Qc2 f5 11. dxc5 dxc5 12. Rfd1 Qc7 13. a4 Bd7 14. e4 fxe4 15. Bxe4 Be6 16. Nf1 Rad8 17. Ne3 Ne7 18. Rxd8 Rxd8 19. Rd1 b6 20. Rxd8+ Qxd8 21. Nd2 Kf8 22. Bd3 Nd5 23. Nxd5 Bxd5 24. Be4 Be6 25. Qd3 Qxd3 26. Bxd3 Ke7 27. Kf1 g5 28. h3 f5 29. f3 h5 30. Be2 Be5 31. Bb5 Bf4 32. Ke1 Bd5 33. Be2 Kf6 34. Bb5 g4 35. hxg4 fxg4 36. Ke2 g3 37. Ne4+ Ke5 38. b4 cxb4 39. cxb4 Be6 40. a5 h4 41. Kf1 Be3 0-1

[Event "Holguin"]
[Site "Holguin"]
[Date "1995.??.??"]
[Round "?"]
[White "Armas Gutierrez, Jorge Enrique"]
[Black "Leyva Proenza, Ricardo"]
[Result "0-1"]
[WhiteElo "2425"]
[BlackElo "2300"]
[PlyCount "58"]
[EventDate "1995.??.??"]
[EventType "tourn"]
[EventRounds "9"]
[EventCountry "CUB"]
[SourceTitle "EXT 2010"]
[Source "ChessBase"]
[SourceDate "2010.11.25"]
[SourceVersion "1"]
[SourceVersionDate "2010.11.25"]
[SourceQuality "1"]

1. e4 d6 2. d4 Nf6 3. Nc3 g6 4. Be3 Bg7 5. f3 c6 6. Qd2 Qa5 7. Bh6 Bxh6 8. Qxh6 Nbd7 9. g4 c5 10. Nge2 b5 11. Qd2 b4 12. Nd1 cxd4 13. Nxd4 Ne5 14. Ne3 0-0 15. Be2 Be6 16. h4 d5 17. h5 dxe4 18. Nxe6 Rad8 19. Nxd8 Rxd8 20. Qxd8+ Qxd8 21. f4 Nc6 22. Rd1 Qb8 23. hxg6 hxg6 24. g5 Nh7 25. Rh4 Nxg5 26. Kf2 Nh7 27. Rdh1 Qd6 28. f5 Nf6 29. Rg1 Ne5 0-1

[Event "Capablanca Memorial Premier I 30th"]
[Site "Matanzas"]
[Date "1995.??.??"]
[Round "8"]
[White "Garcia Carey, Osmel"]
[Black "Armas Gutierrez, Jorge Enrique"]
[Result "1/2-1/2"]
[WhiteElo "2345"]
[BlackElo "2465"]
[PlyCount "102"]
[EventDate "1995.05.??"]
[EventType "tourn"]
[EventRounds "13"]
[EventCountry "CUB"]
[EventCategory "8"]
[SourceTitle "CBM 047 Extra"]
[Source "ChessBase"]
[SourceDate "1995.09.01"]
[SourceVersion "1"]
[SourceVersionDate "1995.09.01"]
[SourceQuality "1"]

1. e4 c5 2. Nf3 d6 3. Bb5+ Bd7 4. Bxd7+ Qxd7 5. 0-0 Nc6 6. c3 Nf6 7. Re1 e6 8. d3 Be7 9. a3 0-0 10. b4 Ne5 11. d4 Nxf3+ 12. Qxf3 cxd4 13. cxd4 d5 14. e5 Ne4 15. Qd3 f6 16. f3 Ng5 17. Bf4 fxe5 18. Bxe5 Nf7 19. Nd2 Nxe5 20. Rxe5 Bd6 21. Re2 Rac8 22. Rae1 Rf6 23. Nf1 Bc7 24. Nd2 Bd6 25. Nf1 Bc7 26. Nd2 Rcf8 27. g3 g5 28. Kg2 Qf7 29. Rh1 Rg6 30. Nb3 Rf6 31. Re3 b6 32. Qe2 Rh6 33. Nc1 Qf5 34. h3 Bd6 35. Nd3 Rc8 36. g4 Qf6 37. Re1 Rc3 38. Rxe6 Qxe6 39. Qxe6+ Rxe6 40. Rxe6 Bf8 41. Ne5 Rxa3 42. Re8 Kg7 43. Rd8 Bxb4 44. Rxd5 Ra2+ 45. Kf1 Bc3 46. Nc6 Kf6 47. Rd6+ Kf7 48. d5 a5 49. Rd7+ Kf8 50. Rd8+ Kf7 51. Rd7+ Kf8 1/2-1/2

[Event "CUB-ch sf"]
[Site "Villa Clara"]
[Date "1995.??.??"]
[Round "1"]
[White "Gavilanes, Antonio"]
[Black "Armas Gutierrez, Jorge Enrique"]
[Result "0-1"]
[WhiteElo "2275"]
[BlackElo "2425"]
[PlyCount "86"]
[EventDate "1995.??.??"]
[EventType "swiss"]
[EventRounds "9"]
[EventCountry "CUB"]
[SourceTitle "EXT 1997"]
[Source "ChessBase"]
[SourceDate "1996.11.15"]
[SourceVersion "1"]
[SourceVersionDate "1996.11.15"]
[SourceQuality "1"]

1. e4 c5 2. Nf3 d6 3. Bb5+ Bd7 4. Bxd7+ Nxd7 5. 0-0 Ngf6 6. Qe2 e6 7. c3 Be7 8. d4 0-0 9. e5 Ne8 10. Rd1 d5 11. Nbd2 c4 12. Nf1 b5 13. g3 b4 14. h4 bxc3 15. bxc3 Qa5 16. Qc2 h6 17. N1h2 Nc7 18. Ng4 Rfb8 19. h5 Bf8 20. Kg2 Rb7 21. Bxh6 gxh6 22. Qd2 Qa3 23. Nxh6+ Bxh6 24. Qxh6 Qf8 25. Qe3 Qg7 26. h6 Qg6 27. h7+ Kh8 28. Rh1 Rf8 29. Rh6 Qf5 30. Rah1 Rb2 31. R1h4 Qd3 32. Qf4 Qe4 33. Qc1 Qe2 34. Qg1 Ne8 35. Ng5 Ng7 36. Rf4 Nf5 37. Rh3 Ne3+ 38. Kh1 Rd2 39. Nxf7+ Rxf7 40. Rxf7 Rd1 41. Rxd7 Rxg1+ 42. Kxg1 Qf1+ 43. Kh2 Qg2# 0-1

[Event "La Coruna TH op"]
[Site "La Coruna"]
[Date "1995.??.??"]
[Round "2"]
[White "Gonzalez Diaz, Julio"]
[Black "Armas Gutierrez, Jorge Enrique"]
[Result "0-1"]
[WhiteElo "2040"]
[BlackElo "2425"]
[PlyCount "64"]
[EventDate "1995.07.??"]
[EventType "swiss"]
[EventRounds "9"]
[EventCountry "ESP"]
[SourceTitle "EXT 1997"]
[Source "ChessBase"]
[SourceDate "1996.11.15"]
[SourceVersion "1"]
[SourceVersionDate "1996.11.15"]
[SourceQuality "1"]

1. e4 c5 2. Nf3 d6 3. d4 cxd4 4. Nxd4 Nf6 5. Nc3 Nc6 6. Bg5 e6 7. Bb5 Bd7 8. Bxc6 bxc6 9. Qf3 Qb6 10. 0-0-0 c5 11. Nde2 Rb8 12. b3 Bc6 13. Ng3 Nd7 14. Bf4 Qc7 15. Qd3 Ne5 16. Bxe5 dxe5 17. Nf1 c4 18. Qxc4 Ba3+ 19. Kb1 0-0 20. Ne3 Rfc8 21. Rd2 a5 22. Ned1 Bb4 23. h4 a4 24. Rh3 Qa5 25. Qe2 Bb7 26. Qf3 f5 27. Re2 Rd8 28. Re3 axb3 29. cxb3 Rd2 30. Re2 Bxc3 31. Nxc3 Bxe4+ 32. Rxe4 Qa3 0-1

[Event "Capablanca Memorial-A"]
[Site "Matanzas"]
[Date "1994.??.??"]
[Round "11"]
[White "Armas Gutierrez, Jorge Enrique"]
[Black "Hernandez Guerrero, Gilberto Eduardo"]
[Result "1/2-1/2"]
[WhiteElo "2450"]
[BlackElo "2485"]
[PlyCount "21"]
[EventDate "1994.??.??"]
[EventType "tourn"]
[EventRounds "11"]
[EventCountry "CUB"]
[EventCategory "10"]
[SourceTitle "CBM 043"]
[Source "ChessBase"]
[SourceDate "1994.12.01"]
[SourceVersion "1"]
[SourceVersionDate "1994.12.01"]
[SourceQuality "1"]

1. e4 c6 2. c4 d5 3. exd5 cxd5 4. cxd5 Nf6 5. Nc3 Nxd5 6. Nf3 Nc6 7. Bb5 Nxc3 8. bxc3 e6 9. 0-0 Be7 10. d4 0-0 11. Qe2 1/2-1/2

[Event "Capablanca Memorial-A"]
[Site "Matanzas"]
[Date "1994.??.??"]
[Round "2"]
[White "Armas Gutierrez, Jorge Enrique"]
[Black "Spangenberg, Hugo"]
[Result "1-0"]
[WhiteElo "2450"]
[BlackElo "2510"]
[PlyCount "85"]
[EventDate "1994.??.??"]
[EventType "tourn"]
[EventRounds "11"]
[EventCountry "CUB"]
[EventCategory "10"]
[SourceTitle "CBM 043"]
[Source "ChessBase"]
[SourceDate "1994.12.01"]
[SourceVersion "1"]
[SourceVersionDate "1994.12.01"]
[SourceQuality "1"]

1. d4 d6 2. e4 g6 3. Nc3 Bg7 4. Be3 Nf6 5. f3 e6 6. Qd2 d5 7. Bh6 Nxe4 8. Qf4 Bxh6 9. Qxh6 Nxc3 10. bxc3 Qf6 11. Qe3 0-0 12. f4 b6 13. Nf3 c5 14. h4 Nc6 15. Ne5 Nxe5 16. fxe5 Qe7 17. h5 g5 18. Be2 h6 19. 0-0 Kg7 20. Rf6 Bd7 21. Raf1 Ba4 22. Rxh6 Kxh6 23. Rf6+ Qxf6 24. exf6 cxd4 25. cxd4 Bxc2 26. Qa3 a5 27. g4 a4 28. Kf2 Bh7 29. Bb5 Rfc8 30. Bd7 Rc7 31. Qd6 Rc2+ 32. Ke1 Rc1+ 33. Kd2 Rc2+ 34. Kd1 Rc4 35. Qe7 Rxd4+ 36. Ke2 Rxg4 37. Qxf7 Re4+ 38. Kf2 Rg8 39. Qe7 Rf4+ 40. Kg3 Be4 41. Bxe6 Rf3+ 42. Kh2 Ra8 43. Bg4 1-0

[Event "Capablanca Memorial-A"]
[Site "Matanzas"]
[Date "1994.??.??"]
[Round "7"]
[White "Miles, Anthony John"]
[Black "Armas Gutierrez, Jorge Enrique"]
[Result "1-0"]
[WhiteElo "2590"]
[BlackElo "2450"]
[PlyCount "59"]
[EventDate "1994.??.??"]
[EventType "tourn"]
[EventRounds "11"]
[EventCountry "CUB"]
[EventCategory "10"]
[SourceTitle "CBM 043"]
[Source "ChessBase"]
[SourceDate "1994.12.01"]
[SourceVersion "1"]
[SourceVersionDate "1994.12.01"]
[SourceQuality "1"]

1. Nf3 d5 2. g3 Nc6 3. d4 Bf5 4. Bg2 e6 5. 0-0 Nf6 6. c4 Bxb1 7. Rxb1 Be7 8. cxd5 Nxd5 9. e4 Nb6 10. Be3 0-0 11. Qe2 Re8 12. Rfd1 Bf8 13. Rbc1 Qe7 14. Bf4 f6 15. h4 Qf7 16. Be3 Rad8 17. a3 Bd6 18. Qc2 Qh5 19. Re1 Kh8 20. Rcd1 Nd7 21. Bc1 e5 22. d5 Ne7 23. b4 h6 24. Bb2 f5 25. exf5 Nxf5 26. Ng5 hxg5 27. Qxf5 Rf8 28. Qxg5 Qxg5 29. hxg5 Rf5 30. Bc1 1-0

[Event "CUB-ch"]
[Site "Colon"]
[Date "1993.??.??"]
[Round "10"]
[White "Armas Gutierrez, Jorge Enrique"]
[Black "Alonso Garcia, Rene Marcial"]
[Result "1/2-1/2"]
[WhiteElo "2455"]
[BlackElo "2345"]
[PlyCount "40"]
[EventDate "1993.10.??"]
[EventType "swiss"]
[EventRounds "11"]
[EventCountry "CUB"]
[SourceTitle "TD"]
[Source "ChessBase"]
[SourceDate "1994.03.01"]
[SourceVersion "1"]
[SourceVersionDate "1994.03.01"]
[SourceQuality "1"]

1. d4 Nf6 2. c4 g6 3. Nc3 d5 4. Nf3 Bg7 5. Bg5 Ne4 6. cxd5 Nxg5 7. Nxg5 0-0 8. Nf3 c6 9. dxc6 Nxc6 10. e3 e5 11. d5 e4 12. Nxe4 Nb4 13. Qd2 Qa5 14. Rc1 b6 15. Bc4 Bf5 16. a3 Nc2+ 17. Rxc2 Bxe4 18. Qxa5 bxa5 19. Rd2 Rfc8 20. Be2 Rab8 1/2-1/2